5 Largest Cities in Every Country #4 K-M - Statistics

General Stats
  • This quiz has been taken 38 times
  • The average score is 45 of 175
Answer Stats
Hint Answer % Correct
Lebanon Beirut
100%
Kazakhstan Astana
96%
Lebanon | Libya Tripoli
96%
Malaysia Kuala Lumpur
93%
Kenya Nairobi
93%
Latvia Rīga
93%
Kazakhstan Almaty
86%
Mexico Mexico City
86%
North Korea Pyongyang
86%
South Korea Seoul
86%
Mongolia Ulaanbaatar
86%
Madagascar Antananarivo
82%
Morocco Casablanca
82%
Moldova Chișinău
82%
Kosovo Pristina
82%
Lithuania Vilnius
82%
South Korea Busan
79%
Luxembourg Luxembourg
79%
Morocco Marrakesh
79%
Montenegro Podgorica
79%
Liechtenstein Vaduz
79%
Laos Vientiane
79%
Morocco Fez
75%
Maldives Malé
75%
Mozambique Maputo
75%
Kenya Mombasa
75%
Myanmar Yangon
75%
Mali Bamako
71%
Malawi Lilongwe
71%
Liberia Monrovia
71%
Kyrgyzstan Bishkek
68%
Mauritania Nouakchott
68%
Monaco Monte-Carlo
64%
Mexico Tijuana
64%
Lesotho Maseru
61%
Micronesia Palikir
61%
Libya Benghazi
57%
Myanmar Mandalay
57%
Mauritius Port Louis
57%
Mexico Puebla
57%
Morocco Tangier
57%
Kiribati Tarawa
57%
Marshall Islands Majuro
54%
South Korea Daegu
50%
South Korea Incheon
50%
Lithuania Kaunas
46%
Moldova Tiraspol
43%
Kyrgyzstan Osh
39%
Lebanon Tyre
39%
Liechtenstein Schaan
36%
Latvia Daugavpils
32%
Mexico León
32%
Lithuania Klaipėda
29%
Lebanon Sidon
29%
Kazakhstan Shymkent
25%
Malawi Blantyre
21%
South Korea Daejeon
21%
Luxembourg Esch-sur-Alzette
21%
Kosovo Prizren
21%
Malta Birkirkara
18%
Laos Luang Prabang
18%
Monaco Monaco City
18%
Morocco Salé
18%
Micronesia Weno
18%
Kazakhstan Aktobe
14%
Mozambique Beira
14%
Montenegro Budva
14%
Mongolia Darkhan
14%
Luxembourg Dudelange
14%
Mexico Ecatepec
14%
Mongolia Erdenet
14%
North Korea Hamhung
14%
Kyrgyzstan Jalal-Abad
14%
Kyrgyzstan Karakol
14%
Libya Misrata
14%
Mauritania Nouadhibou
14%
Madagascar Antsirabe
11%
Lebanon Baalbek
11%
Kazakhstan Karaganda
11%
Mozambique Matola
11%
Mongolia Mörön
11%
Kenya Nakuru
11%
Montenegro Nikšić
11%
Mali Ségou
11%
Moldova Bălți
7%
Moldova Bender
7%
Mongolia Choibalsan
7%
Luxembourg Differdange
7%
Kenya Eldoret
7%
Liechtenstein Eschen
7%
Monaco Fontvieille
7%
Latvia Jūrmala
7%
Malaysia Klang
7%
Malta Mosta
7%
Malawi Mzuzu
7%
Mozambique Nampula
7%
Myanmar Nay Pyi Taw
7%
Laos Pakse
7%
Malta Qormi
7%
Lithuania Šiauliai
7%
Mali Sikasso
7%
North Korea Wonsan
7%
Kuwait Al Ahmadi
4%
Liechtenstein Balzers
4%
Mauritius Beau Bassin
4%
Liberia Buchanan
4%
North Korea Chongjin
4%
Luxembourg Ettelbruck
4%
Madagascar Fianarantsoa
4%
Kuwait Hawalli
4%
Montenegro Herceg Novi
4%
Latvia Jelgava
4%
Malaysia Kajang
4%
Mali Kalabancoro
4%
Micronesia Kolonia
4%
Mali Koutiala
4%
Monaco La Condamine
4%
Latvia Liepāja
4%
Madagascar Mahajanga
4%
Lesotho Maputsoe
4%
Myanmar Mawlamyine
4%
North Korea Nampo
4%
Lithuania Panevėžys
4%
Mauritius Quatre Bornes
4%
Moldova Rîbnița
4%
Kenya Ruiru
4%
Malta San Pawl il-Bahar
4%
Laos Savannakhet
4%
Malaysia Subang Jaya
4%
Madagascar Taomasina
4%
Liechtenstein Triesen
4%
Malta Zabbar
4%
Libya Zawiya
4%
Kuwait Al Farwaniyah
0%
Marshall Islands Arno
0%
Kuwait As Salimiyah
0%
Kiribati Bairiki Village
0%
Libya Bayda
0%
Kiribati Betio Village
0%
Kiribati Bikenibeu Village
0%
Mozambique Chimoio
0%
Micronesia Colonia
0%
Mauritius Curepipe
0%
Marshall Islands Ebaye
0%
Kosovo Ferizaj
0%
Kosovo Fushë Kosovë
0%
Maldives Fuvahmulah
0%
Liberia Ganta
0%
Liberia Gbarnga
0%
Kosovo Gjilan
0%
Maldives Hithadhoo
0%
Marshall Islands Jabor
0%
Mauritania Kaédi
0%
Liberia Kakata
0%
Malawi Karonga
0%
Mauritania Kiffa
0%
Maldives Kulhudhuffushi
0%
Myanmar Kyain Seikgyi Township
0%
Kyrgyzstan Kyzyl-Kiya
0%
Lesotho Mafeteng
0%
Lesotho Mohale's Hoek
0%
Montenegro Pljevlja
0%
Kuwait Sabah as Salim
0%
Monaco Saint-Roman
0%
Malaysia Seberang Perai
0%
Kiribati Teaoraereke Village
0%
Lesotho Teyateyaneng
0%
Maldives Thinadhoo
0%
Micronesia Tofol
0%
Mauritius Vacoas
0%
Marshall Islands Wotje
0%
Laos Xam Neua
0%
Malawi Zomba
0%
Mauritania Zouérat
0%
No matching quizzes found
Score Distribution
Percent of People with Each Score
Percentile by Number Answered
Your Score History
You have not taken this quiz